Stattholder / regjeringens formann Før 1873 - Statistics

General Stats
  • This quiz has been taken 4 times
  • The average score is 8 of 20
Answer Stats
Navn på lederskap År Navn % Correct
Førstestatsråd 1861-1873 Frederik Stang
75%
Visekonge 1816 Karl (XIV) Johan
75%
Visekonge 1824 Kronprins Oscar (I)
75%
Visekonge 1833 Kronprins Oscar (I)
75%
Stattholder 1836-1840 Herman Wedel-Jarlsberg
50%
Visekonge 1857 Kronprins Karl (XV)
50%
Stattholder 1827-1829 Baltzar von Platen
25%
Stattholder 1816-1818 Carl Mörner
25%
Førstestatsråd Mai-Aug 1814 Frederik Gottschalk von Haxthausen
25%
Førstestatsråd 1858–1861 Hans Christian Petersen
25%
Stattholder 1814-1816 Hans Henric von Essen
25%
Stattholder 1818-1824 Johan August Sandels
25%
Stattholder 1824-1827 Johan August Sandels
25%
Førstestatsråd 1829-1833 Jonas Collett
25%
Førstestatsråd 1833-1836 Jonas Collett
25%
Førstestatsråd 1856-1857 Jørgen Herman Vogt
25%
Førstestatsråd 1857-1858 Jørgen Herman Vogt
25%
Førstestatsråd Aug-Nov 1814 Marcus Gjøe Rosenkrantz
25%
Førstestatsråd 1840-1841 Nicolay Johan Krog
25%
Stattholder 1841–1856 Severin Løvenskiold
25%
No matching quizzes found
Score Distribution
Percent of People with Each Score
Percentile by Number Answered
Your Score History
You have not taken this quiz